00614nam a22001935i 450000100060000000300090000600500170001500700030003200800410003504000180007624501030009426000630019730000270026065000320028770000220031970000350034170000240037685200200040068728ES-MaACL20250801084935.0t|971031s1888 sp ||||1| spa d aAR bspa cAR00aColección de textos aljamiados / cpublicada por Pablo Gil, Julián Ribera y Mariano Sánchez. aZaragoza : b[s.n.], c1888 (fLitogr. de Guerra y Bacque) aXIX, 167 p. ; c21 cm.17aLiteratura aljamiada2embne1 aGil y Gil, Pablo.1 aRibera, Julián (d1858-1934)1 aSánchez, Mariano. aES-MaACLjG-806